000 00449nam a22001697a 4500
003 NUST - PNEC
005 20170116180919.0
008 150904b xxu||||| |||| 00| 0 eng d
020 _a0195136047
040 _cLIBRARY
082 _a621.3 SAR
100 _97671
_aSarma, Mulukutla S.
245 _aIntroduction to electrical engineering
_cMulukutla S. Sarma
260 _cc.2001
650 _97675
_aElectrical engineering
_xEE
942 _2ddc
_cBK
999 _c65569
_d65569